Tư tưởng Hồ Chí Minh mãi mãi soi sáng con đường chúng ta đi

Nội dung tài liệu gồm những bài viết, bài phát biểu của các đồng chí lãnh đạo Đảng, Nhà nước về chân dung và tư tưởng của chủ tịch Hồ Chí Minh

Gespeichert in:
Bibliographische Detailangaben
Format: Buch
Sprache:Undetermined
Veröffentlicht: Hà Nội Chính trị Quốc gia 2000
Schlagworte:
Tags: Tag hinzufügen
Keine Tags, Fügen Sie den ersten Tag hinzu!
Thư viện lưu trữ: Trung tâm Học liệu Trường Đại học Cần Thơ
LEADER 00839nam a2200181Ia 4500
001 CTU_39584
008 210402s9999 xx 000 0 und d
020 |b 14.000đ 
082 |a 324.075 
082 |b T550 
245 0 |a Tư tưởng Hồ Chí Minh mãi mãi soi sáng con đường chúng ta đi 
260 |a Hà Nội 
260 |b Chính trị Quốc gia 
260 |c 2000 
520 |a Nội dung tài liệu gồm những bài viết, bài phát biểu của các đồng chí lãnh đạo Đảng, Nhà nước về chân dung và tư tưởng của chủ tịch Hồ Chí Minh 
650 |a Communist parties,Communism,Chủ nghĩa Cộng sản,Đảng Cộng sản 
904 |i Minh, Q. Hiếu (sửa) 
980 |a Trung tâm Học liệu Trường Đại học Cần Thơ